000 00697nam a2200241Ia 4500
003 OSt
005 20220924120800.0
006 a|||||r|||| 00| 0
007 ta
008 220923b |||||||| |||| 00| 0 hin d
024 _a220376
037 _cTextual
040 _aARTS
_cARTS
_bhin
041 _2hin
_ahin
082 _aO15,1N49x, 152P3
100 _aTripathi Radhavallabh
_925898
245 0 _aLahridashkam
_b Original Sanskrit poems with Hindi translation
260 _aDelhi
_bPratibha prak India
_c2003
300 _a156p
_ccm.
650 _aENGLISH LITERATURE
942 _hO15,1N49x, 152P3
_cTEXL
_2CC
999 _c404291
_d404291